تدريس النحو العربى فى ضوء الاتجاهات الحديثة / تأليف ظبية سعيد السليطى : تقديم حسن شحاتة (رقم التسجيلة. 88690)

تفاصيل مارك
000 -LEADER
fixed length control field 00914cam a2200241 a 4500
003 - CONTROL NUMBER IDENTIFIER
control field EG-GiCUC
008 - FIXED-LENGTH DATA ELEMENTS--GENERAL INFORMATION
fixed length control field 061108s2002 ua f 001 0 ara d
020 ## - INTERNATIONAL STANDARD BOOK NUMBER
International Standard Book Number 9772707489
040 ## - CATALOGING SOURCE
Original cataloging agency EG-GiCUC
Language of cataloging ara
Transcribing agency EG-GiCUC
092 04 - LOCALLY ASSIGNED DEWEY CALL NUMBER (OCLC)
Classification number 415.1
Item number S9491
Edition number 21
099 ## - LOCAL FREE-TEXT CALL NUMBER (OCLC)
Classification number 04
-- 415.1 S9491
100 1# - MAIN ENTRY--PERSONAL NAME
Personal name السليطى : ظبية سعيد
245 10 - TITLE STATEMENT
Title تدريس النحو العربى فى ضوء الاتجاهات الحديثة / تأليف ظبية سعيد السليطى : تقديم حسن شحاتة
250 ## - EDITION STATEMENT
Edition statement ط1
260 ## - PUBLICATION, DISTRIBUTION, ETC.
Place of publication, distribution, etc. القاهرة :
Name of publisher, distributor, etc. الدار المصرية اللبنانية :
Date of publication, distribution, etc. 2002
300 ## - PHYSICAL DESCRIPTION
Extent 455ص ؛
Dimensions 25سم
504 ## - BIBLIOGRAPHY, ETC. NOTE
Bibliography, etc. note يشتمل على ارجاعات ببليوجرافية (ص361-383) وكشافات
650 #7 - SUBJECT ADDED ENTRY--TOPICAL TERM
Topical term or geographic name entry element اللغة العربية
General subdivision النحو
Source of heading or term qrmak
902 ## - LOCAL DATA ELEMENT B, LDB (RLIN)
No. of Items 3
905 ## - LOCAL DATA ELEMENT E, LDE (RLIN)
Cataloger ابراهيم
Reviser مدخل
905 ## - LOCAL DATA ELEMENT E, LDE (RLIN)
Cataloger ايمان ع
Reviser مراجع
942 ## - ADDED ENTRY ELEMENTS (KOHA)
Source of classification or shelving scheme Dewey Decimal Classification
Koha item type Books
المقتنيات
Source of classification or shelving scheme Not for loan Home library Current library Date acquired Full call number Barcode Date last seen Koha item type Copy number
Dewey Decimal Classification   المكتبة المركزبة الجديدة - جامعة القاهرة قاعة الكتب - الدور الثاني 11.02.2024 415.1 S9491 01000100110514000 22.09.2023 Books C.1
Dewey Decimal Classification   المكتبة المركزبة الجديدة - جامعة القاهرة قاعة الكتب - الدور الثاني 11.02.2024 415.1 S9491 01000100116222000 22.09.2023 Books C.2
Dewey Decimal Classification   المكتبة المركزبة الجديدة - جامعة القاهرة مخزن الكتب - البدروم 11.02.2024 415.1 S9491 c.3 Store 01000100110515000 22.09.2023 Books  
Cairo University Libraries Portal Implemented & Customized by: Eng. M. Mohamady Contacts: new-lib@cl.cu.edu.eg | cnul@cl.cu.edu.eg
CUCL logo CNUL logo
© All rights reserved — Cairo University Libraries
CUCL logo
Implemented & Customized by: Eng. M. Mohamady Contact: new-lib@cl.cu.edu.eg © All rights reserved — New Central Library
CNUL logo
Implemented & Customized by: Eng. M. Mohamady Contact: cnul@cl.cu.edu.eg © All rights reserved — Cairo National University Library